[Event "GER-ch53 V02 email"]
[Site "GER email"]
[Date "2021.04.21"]
[Round "?"]
[White "Habermehl, Tobias"]
[Black "Fabig, Holger"]
[Result "1/2-1/2"]
[WhiteElo "2271"]
[BlackElo "2131"]
[PlyCount "115"]
[EventDate "2021.04.21"]
[EventType "tourn (corr)"]
[EventRounds "10"]
[EventCountry "GER"]
[SourceTitle "Corr 2024"]
[Source "ChessBase"]
[SourceDate "2023.10.19"]
[SourceVersion "1"]
[SourceVersionDate "2023.10.19"]
[SourceQuality "1"]

1. d4 d5 2. c4 e6 3. Nc3 Nf6 4. Nf3 c6 5. Bg5 Nbd7 6. e3 Be7 7. Bd3 0-0 8. 0-0 h6 9. Bh4 dxc4 10. Bxc4 b5 11. Bd3 Bb7 12. Rc1 Rc8 13. Qe2 b4 14. Na4 c5 15. Ba6 Bxa6 16. Qxa6 g5 17. Bg3 Ne4 18. Rfd1 g4 19. Ne5 Nxe5 20. dxe5 Qc7 21. Rc4 Rfd8 22. Rdc1 Nxg3 23. Rxg4+ Kh7 24. hxg3 Rd2 25. a3 Rcd8 26. Rd4 R8xd4 27. exd4 bxa3 28. bxa3 Rxd4 29. Qe2 c4 30. Nc3 Qc5 31. Kh2 Kg7 32. Rc2 a6 33. f4 Qxa3 34. Qg4+ Kf8 35. Qh5 Kg7 36. f5 exf5 37. Qxf5 Bg5 38. Rf2 Qe7 39. Ne4 Qe6 40. Nd6 Rd3 41. Qxf7+ Qxf7 42. Rxf7+ Kg6 43. Rf8 c3 44. Rg8+ Kh7 45. Rc8 a5 46. Ne4 Kg6 47. Nxc3 Kf5 48. Na4 Kxe5 49. Nb6 Ke4 50. Ra8 Bd8 51. Nc4 Bc7 52. Nxa5 Ra3 53. Ra6 Bxg3+ 54. Kh3 Kf5 55. Rc6 Be5+ 56. Kh4 Rxa5 57. g4+ Kf4 58. Rxh6 1/2-1/2